[Event "HUN-chT2 Szechenyi 0203"]
[Site "Hungary"]
[Date "2002.10.13"]
[Round "2"]
[White "Matocza, Lajos"]
[Black "Bodorkos, Ferenc"]
[Result "1/2-1/2"]
[WhiteElo "1562"]
[BlackElo "1825"]
[PlyCount "30"]
[EventDate "2002.09.22"]
[EventType "team"]
[EventRounds "11"]
[EventCountry "HUN"]
[SourceTitle "EXT 2009"]
[Source "ChessBase"]
[SourceDate "2008.11.26"]
[SourceVersion "1"]
[SourceVersionDate "2008.11.26"]
[SourceQuality "1"]

1. e4 e5 2. Nf3 Nc6 3. Bb5 Bc5 4. c3 Qe7 5. 0-0 Nf6 6. d3 0-0 7. h3 h6 8. Kh1 Nh7 9. Nh2 f5 10. f3 d6 11. b4 Bb6 12. a4 a6 13. Bc4+ Be6 14. Qb3 Bxc4 15. Qxc4+ Qf7 1/2-1/2